[Event "Estadual-ch"]
[Site "Vitoria"]
[Date "2011.10.09"]
[Round "4.3"]
[White "Estolano, Edilson"]
[Black "Lacerda, Cesar Romeu"]
[Result "1/2-1/2"]
[WhiteElo "1811"]
[BlackElo "2051"]
[PlyCount "72"]
[EventDate "2011.10.08"]
[EventType "swiss"]
[EventRounds "5"]
[EventCountry "BRA"]
[SourceTitle "EXT 2022"]
[Source "ChessBase"]
[SourceDate "2021.10.06"]
[SourceVersion "1"]
[SourceVersionDate "2021.10.06"]
[SourceQuality "1"]

1. d4 f5 2. e4 fxe4 3. Nc3 Nf6 4. Bg5 e6 5. Nxe4 Be7 6. Bxf6 Bxf6 7. Nf3 Nc6 8. c3 d6 9. Bd3 Bd7 10. Qe2 Qe7 11. 0-0-0 0-0-0 12. h4 Be8 13. g4 g6 14. Nxf6 Qxf6 15. Ng5 Bd7 16. f4 Qxf4+ 17. Kb1 e5 18. Rdf1 Qxg4 19. Qxg4 Bxg4 20. Nf7 exd4 21. Nxh8 Rxh8 22. cxd4 Nxd4 23. Rf4 Bf3 24. Rf1 Bg2 25. R1f2 Ne6 26. Rf6 Bd5 27. b3 Nc5 28. Bf1 Be4+ 29. Ka1 Bf5 30. Bg2 Rf8 31. Rf1 a5 32. Rf7 h6 33. h5 Kd8 34. hxg6 Bxg6 35. Rg7 Bd3 36. Rgf7 Ne6 1/2-1/2

[Event "Vila Velha CEAX 1st"]
[Site "Vila Velha"]
[Date "2011.02.27"]
[Round "5.2"]
[White "Lacerda, Cesar Romeu"]
[Black "Silva, Luiz Carlos Dutra"]
[Result "1-0"]
[WhiteElo "2037"]
[BlackElo "1847"]
[PlyCount "77"]
[EventDate "2011.02.26"]
[EventType "swiss"]
[EventRounds "5"]
[EventCountry "BRA"]
[SourceTitle "EXT 2022"]
[Source "ChessBase"]
[SourceDate "2021.10.06"]
[SourceVersion "1"]
[SourceVersionDate "2021.10.06"]
[SourceQuality "1"]

1. e4 e6 2. d4 c6 3. Nf3 d5 4. e5 c5 5. c3 Nc6 6. Be2 Bd7 7. 0-0 Nge7 8. Na3 Ng6 9. Nc2 Rc8 10. Rb1 Be7 11. h3 0-0 12. Bd3 c4 13. Bxg6 fxg6 14. Be3 a5 15. Qd2 Rf5 16. Nh2 Bg5 17. f4 Be7 18. Bf2 g5 19. Be3 gxf4 20. Bxf4 Bg5 21. Rf2 Bxf4 22. Rxf4 Qg5 23. Rf2 Qxd2 24. Rxd2 b5 25. Ne3 Rf4 26. Rf2 Rxf2 27. Kxf2 Rf8+ 28. Ke2 Be8 29. Rf1 Rxf1 30. Nhxf1 Bg6 31. Ng3 Bb1 32. a3 b4 33. axb4 axb4 34. Nh5 b3 35. Nf4 Kf7 36. g4 Nxd4+ 37. cxd4 Be4 38. Nd1 g6 39. Nc3 1-0

[Event "Vila Velha CEAX 1st"]
[Site "Vila Velha"]
[Date "2011.02.26"]
[Round "1.4"]
[White "Lacerda, Cesar Romeu"]
[Black "Almeida, Sergio Ribeiro"]
[Result "1-0"]
[WhiteElo "2037"]
[BlackElo "1749"]
[PlyCount "99"]
[EventDate "2011.02.26"]
[EventType "swiss"]
[EventRounds "5"]
[EventCountry "BRA"]
[SourceTitle "EXT 2022"]
[Source "ChessBase"]
[SourceDate "2021.10.06"]
[SourceVersion "1"]
[SourceVersionDate "2021.10.06"]
[SourceQuality "1"]

1. e4 c5 2. Nf3 Nc6 3. d4 cxd4 4. Nxd4 Nxd4 5. Qxd4 Qc7 6. Nc3 Qb6 7. Qxb6 axb6 8. Be3 Nf6 9. Bxb6 e5 10. a3 Bd6 11. 0-0-0 Bb8 12. f3 0-0 13. Bc5 Re8 14. Bc4 h6 15. Nb5 Rd8 16. Be7 Re8 17. Bxf6 gxf6 18. Nd6 Bxd6 19. Rxd6 Kg7 20. Rhd1 Ra5 21. R1d5 Rxd5 22. Bxd5 Rd8 23. Rb6 Kg6 24. Bxb7 Bxb7 25. Rxb7 Kg5 26. Rb5 Kf4 27. Rb3 h5 28. g3+ Kg5 29. Rd3 h4 30. Kd2 hxg3 31. hxg3 f5 32. Ke3 f4+ 33. gxf4+ exf4+ 34. Kd4 Rc8 35. Rc3 Rb8 36. b4 Kh4 37. Rb3 Kg3 38. a4 Rc8 39. c4 Rh8 40. a5 Rh2 41. a6 Rd2+ 42. Rd3 Ra2 43. b5 Ra5 44. Rb3 Ra4 45. b6 Rxa6 46. b7 Rd6+ 47. Kc5 Rc6+ 48. Kd5 Ra6 49. b8Q Rh6 50. Kd4 1-0

[Event "Espirito Santo-ch"]
[Site "Vitoria"]
[Date "2010.10.10"]
[Round "4.2"]
[White "Cantarino Neto, Mario Ribeiro"]
[Black "Lacerda, Cesar Romeu"]
[Result "1-0"]
[WhiteElo "2126"]
[BlackElo "2037"]
[PlyCount "103"]
[EventDate "2010.10.08"]
[EventType "swiss"]
[EventRounds "7"]
[EventCountry "BRA"]
[SourceTitle "EXT 2022"]
[Source "ChessBase"]
[SourceDate "2021.10.06"]
[SourceVersion "1"]
[SourceVersionDate "2021.10.06"]
[SourceQuality "1"]

1. d4 Nf6 2. c4 e6 3. Nf3 b6 4. g3 Bb7 5. Bg2 Bb4+ 6. Bd2 Qe7 7. 0-0 0-0 8. Bg5 h6 9. Bxf6 Qxf6 10. a3 Be7 11. Nc3 d6 12. d5 Nd7 13. Nd4 a6 14. dxe6 Bxg2 15. exf7+ Qxf7 16. Kxg2 Qxc4 17. Qb3 Qxb3 18. Nxb3 c6 19. Nd4 Rac8 20. Rac1 Bf6 21. Rfd1 d5 22. e4 dxe4 23. Nxe4 Bxd4 24. Rxd4 Rc7 25. Rd6 Nf6 26. f3 Nxe4 27. fxe4 Rfc8 28. e5 Kf8 29. Rf1+ Rf7 30. Rc1 Rfc7 31. Kf3 Rf7+ 32. Ke3 Rf5 33. Rcxc6 Rxc6 34. Rxc6 Rxe5+ 35. Kd4 Re2 36. Rxb6 Rxh2 37. b4 Rg2 38. Rxa6 Rxg3 39. b5 h5 40. b6 Rb3 41. a4 Ke7 42. a5 Kd6 43. Kc4 Rb1 44. Ra7 Rc1+ 45. Kb5 Rb1+ 46. Ka6 h4 47. Rxg7 h3 48. Rh7 Rb3 49. Ka7 Kc6 50. Rh6+ Kd7 51. b7 Kc7 52. b8Q+ 1-0

[Event "Espirito Santo-ch"]
[Site "Vitoria"]
[Date "2010.10.10"]
[Round "3.2"]
[White "Lacerda, Cesar Romeu"]
[Black "Cunha e Silva, Carlos Alberto V"]
[Result "1/2-1/2"]
[WhiteElo "2037"]
[BlackElo "2057"]
[PlyCount "99"]
[EventDate "2010.10.08"]
[EventType "swiss"]
[EventRounds "7"]
[EventCountry "BRA"]
[SourceTitle "EXT 2022"]
[Source "ChessBase"]
[SourceDate "2021.10.06"]
[SourceVersion "1"]
[SourceVersionDate "2021.10.06"]
[SourceQuality "1"]

1. e4 c6 2. d4 d5 3. exd5 cxd5 4. c4 Nf6 5. Nc3 Nc6 6. Nf3 Bg4 7. Be2 e6 8. Be3 Be7 9. 0-0 0-0 10. h3 Bxf3 11. Bxf3 dxc4 12. Bxc6 bxc6 13. Qa4 Qd7 14. Qxc4 Rab8 15. Na4 Rb5 16. Qc2 Qd5 17. b3 Nd7 18. Rac1 Rc8 19. Rfd1 Bf6 20. Qd2 Be7 21. Nb2 Rb7 22. Nd3 a5 23. Nf4 Qb5 24. d5 e5 25. dxc6 Rxc6 26. Rxc6 Qxc6 27. Nd5 Bc5 28. Qxa5 h6 29. Bxc5 Qxc5 30. Qxc5 Nxc5 31. Ne3 f6 32. Rd2 Kf7 33. Nc4 Ra7 34. Rc2 Ne6 35. Kf1 Nd4 36. Rb2 Ke6 37. Ke1 g5 38. Kd2 h5 39. Ne3 f5 40. Nd1 g4 41. hxg4 hxg4 42. Nc3 Rd7 43. Ke1 Rh7 44. g3 f4 45. gxf4 exf4 46. Ne2 Nf3+ 47. Kf1 Ke5 48. b4 Rh1+ 49. Kg2 Rh2+ 50. Kf1 1/2-1/2

[Event "BRA ES-ch"]
[Site "Vitoria"]
[Date "2007.10.12"]
[Round "2.5"]
[White "Abelha, Mozart Rosa"]
[Black "Lacerda, Cesar Romeu"]
[Result "1-0"]
[WhiteElo "2029"]
[BlackElo "2006"]
[PlyCount "49"]
[EventDate "2007.10.11"]
[EventType "swiss"]
[EventRounds "7"]
[EventCountry "BRA"]
[SourceTitle "EXT 2022"]
[Source "ChessBase"]
[SourceDate "2021.10.06"]
[SourceVersion "1"]
[SourceVersionDate "2021.10.06"]
[SourceQuality "1"]

1. e4 e5 2. Nf3 Nc6 3. Bb5 a6 4. Ba4 Nf6 5. 0-0 Nxe4 6. d4 b5 7. Bb3 d5 8. dxe5 Be6 9. Nbd2 Nc5 10. c3 d4 11. Bxe6 Nxe6 12. cxd4 Ncxd4 13. Ne4 Be7 14. Be3 Nf5 15. Qe2 0-0 16. Rfd1 Qc8 17. Bg5 Bxg5 18. Nfxg5 Nxg5 19. Nxg5 h6 20. Ne4 Qe6 21. Nc5 Qe7 22. Rac1 Rfd8 23. Rxd8+ Qxd8 24. e6 Qe7 25. Qe4 1-0

[Event "BRA CEAX op 4th"]
[Site "Cachoeiro de Itapemirim"]
[Date "2003.09.27"]
[Round "3"]
[White "Lacerda, Cesar Romeu"]
[Black "Vieira, Paulo Cesar"]
[Result "1-0"]
[WhiteElo "2039"]
[BlackElo "1993"]
[PlyCount "61"]
[EventDate "2003.09.26"]
[EventType "swiss"]
[EventRounds "6"]
[EventCountry "BRA"]
[SourceTitle "EXT 2006"]
[Source "ChessBase"]
[SourceDate "2005.11.24"]
[SourceVersion "1"]
[SourceVersionDate "2005.11.24"]
[SourceQuality "1"]

1. e4 c5 2. Nf3 Nc6 3. d4 cxd4 4. Nxd4 Nf6 5. Nc3 e5 6. Ndb5 d6 7. Bg5 a6 8. Na3 b5 9. Bxf6 gxf6 10. Nd5 f5 11. exf5 Bxf5 12. c3 Be6 13. Nc2 Bg7 14. Nce3 0-0 15. Bd3 f5 16. f4 Ne7 17. Bc2 Ng6 18. 0-0 exf4 19. Nxf4 Nxf4 20. Rxf4 Qb6 21. Qd3 Ra7 22. Kh1 Bh6 23. Rd4 Re7 24. Nd5 Bxd5 25. Rxd5 Rfe8 26. Rxf5 Re1+ 27. Rxe1 Rxe1+ 28. Rf1 Rxf1+ 29. Qxf1 Qe3 30. Bb3+ Kh8 31. Qf6+ 1-0

[Event "BRA CEAX op 4th"]
[Site "Cachoeiro de Itapemirim"]
[Date "2003.09.27"]
[Round "4"]
[White "Luz, Jose Stenio Ferreir"]
[Black "Lacerda, Cesar Romeu"]
[Result "1/2-1/2"]
[WhiteElo "1847"]
[BlackElo "2039"]
[PlyCount "67"]
[EventDate "2003.09.26"]
[EventType "swiss"]
[EventRounds "6"]
[EventCountry "BRA"]
[SourceTitle "EXT 2006"]
[Source "ChessBase"]
[SourceDate "2005.11.24"]
[SourceVersion "1"]
[SourceVersionDate "2005.11.24"]
[SourceQuality "1"]

1. d4 Nf6 2. c4 g6 3. Nc3 Bg7 4. e4 d6 5. f4 0-0 6. Nf3 c5 7. d5 e5 8. fxe5 dxe5 9. Bd3 Qe7 10. 0-0 Ne8 11. Qc2 Nd6 12. Be3 Na6 13. a3 Bd7 14. Nd2 Nc7 15. Bxc5 f5 16. b4 f4 17. Bxd6 Qxd6 18. c5 Qf6 19. d6 Ne6 20. Bc4 Kh8 21. Qb3 g5 22. Bxe6 Bxe6 23. Nd5 Qg6 24. Qd3 h5 25. Nc7 Rad8 26. Nxe6 Qxe6 27. Rad1 Rf7 28. Nb1 g4 29. Nc3 h4 30. Nd5 Bh6 31. Qe2 Qg6 32. Ne7 Qg5 33. Kh1 Bf8 34. Nf5 1/2-1/2

[Event "BRA-ch sf"]
[Site "Vitoria"]
[Date "2003.09.06"]
[Round "4"]
[White "Lacerda, Cesar Romeu"]
[Black "Lage, Sergio Correa Magal"]
[Result "1-0"]
[WhiteElo "2039"]
[BlackElo "1837"]
[PlyCount "59"]
[EventDate "2003.09.??"]
[EventType "swiss"]
[EventRounds "7"]
[EventCountry "BRA"]
[SourceTitle "EXT 2006"]
[Source "ChessBase"]
[SourceDate "2005.11.24"]
[SourceVersion "1"]
[SourceVersionDate "2005.11.24"]
[SourceQuality "1"]

1. e4 e5 2. Nf3 Nf6 3. Nc3 Bb4 4. Nd5 Nxd5 5. exd5 d6 6. c3 Bc5 7. d4 exd4 8. Nxd4 0-0 9. Be3 Nd7 10. Be2 Nf6 11. Bf3 Re8 12. 0-0 Ne4 13. Qc2 f5 14. b4 Bb6 15. a4 a5 16. b5 Qf6 17. Rae1 Bd7 18. Bxe4 fxe4 19. f3 Qg6 20. f4 Bxd4 21. Bxd4 b6 22. Re3 Bf5 23. Qf2 Qf7 24. c4 h5 25. Qh4 g6 26. Rg3 Kh7 27. Re1 Qe7 28. Rg5 Qf7 29. g4 Bd7 30. gxh5 1-0

[Event "BRA-ch sf"]
[Site "Vitoria"]
[Date "2003.09.04"]
[Round "1"]
[White "Knoblauch, Walter Lucas"]
[Black "Lacerda, Cesar Romeu"]
[Result "0-1"]
[WhiteElo "1746"]
[BlackElo "2039"]
[PlyCount "78"]
[EventDate "2003.09.??"]
[EventType "swiss"]
[EventRounds "7"]
[EventCountry "BRA"]
[SourceTitle "EXT 2006"]
[Source "ChessBase"]
[SourceDate "2005.11.24"]
[SourceVersion "1"]
[SourceVersionDate "2005.11.24"]
[SourceQuality "1"]

1. d4 Nf6 2. Bg5 g6 3. Bxf6 exf6 4. e4 Bg7 5. Nf3 d6 6. h3 Nc6 7. c3 f5 8. Qa4 fxe4 9. d5 exf3 10. dxc6 Qe7+ 11. Kd1 0-0 12. Nd2 bxc6 13. Qxc6 Bd7 14. Qxf3 Rab8 15. b3 Rfe8 16. Kc2 Bf5+ 17. Bd3 Bxd3+ 18. Qxd3 Qg5 19. g4 Qc5 20. Rhf1 Re5 21. f4 Re3 22. Ne4 Rxe4 23. Qxe4 Qxc3+ 24. Kd1 Qxa1+ 25. Ke2 Qxa2+ 26. Kf3 Qxb3+ 27. Kg2 Qb7 28. Re1 Qxe4+ 29. Rxe4 Kf8 30. Ra4 Rb7 31. Kf3 c5 32. Ke3 d5 33. Ra5 Rc7 34. h4 d4+ 35. Kd2 c4 36. f5 c3+ 37. Kc2 d3+ 38. Kxd3 c2 39. g5 gxf5 0-1

[Event "BRA CEAX op 3rd"]
[Site "Vitoria"]
[Date "2003.08.16"]
[Round "2"]
[White "Lacerda, Cesar Romeu"]
[Black "Oliveira, Aaron"]
[Result "1-0"]
[WhiteElo "2039"]
[BlackElo "1824"]
[PlyCount "59"]
[EventDate "2003.08.??"]
[EventType "swiss"]
[EventRounds "6"]
[EventCountry "BRA"]
[SourceTitle "EXT 2006"]
[Source "ChessBase"]
[SourceDate "2005.11.24"]
[SourceVersion "1"]
[SourceVersionDate "2005.11.24"]
[SourceQuality "1"]

1. e4 c6 2. d4 d5 3. exd5 cxd5 4. c4 Nf6 5. Nf3 e6 6. Nc3 Bb4 7. Bg5 Qa5 8. Qc2 Ne4 9. Bd2 Nxd2 10. Qxd2 0-0 11. Bd3 Nc6 12. cxd5 exd5 13. 0-0 Bxc3 14. bxc3 h6 15. Qb2 Qc7 16. Rab1 b6 17. Rbc1 Na5 18. Ne5 Be6 19. f4 Nc4 20. Bxc4 dxc4 21. f5 Bd5 22. f6 gxf6 23. Rxf6 Kg7 24. Rcf1 Rh8 25. Qf2 Raf8 26. Qg3+ Kh7 27. Rxh6+ Kxh6 28. Qh4+ Kg7 29. Qg5+ Kh7 30. Rf4 1-0

[Event "BRA CEAX op 3rd"]
[Site "Vitoria"]
[Date "2003.08.15"]
[Round "1"]
[White "Dutra, Silmai N"]
[Black "Lacerda, Cesar Romeu"]
[Result "0-1"]
[WhiteElo "1713"]
[BlackElo "2039"]
[PlyCount "82"]
[EventDate "2003.08.??"]
[EventType "swiss"]
[EventRounds "6"]
[EventCountry "BRA"]
[SourceTitle "EXT 2006"]
[Source "ChessBase"]
[SourceDate "2005.11.24"]
[SourceVersion "1"]
[SourceVersionDate "2005.11.24"]
[SourceQuality "1"]

1. e4 c5 2. c4 d6 3. Nc3 Nc6 4. d3 g6 5. Nf3 Bg7 6. Bd2 Nf6 7. h3 0-0 8. Be2 a6 9. 0-0 Rb8 10. Rb1 b5 11. Nd5 b4 12. b3 e6 13. Nxf6+ Bxf6 14. Bh6 Re8 15. Qd2 Bd7 16. Ng5 Nd4 17. Bd1 Bg7 18. Nf3 Nxf3+ 19. Bxf3 e5 20. Bg5 Bf6 21. Bxf6 Qxf6 22. Qh6 a5 23. g3 Qxf3 24. Qe3 Qxe3 25. fxe3 Bxh3 26. Rf2 f5 27. Kh2 Bg4 28. exf5 Bxf5 29. e4 Bg4 30. Rf6 Re6 31. Rbf1 Rxf6 32. Rxf6 Rd8 33. Kg1 Kg7 34. Rf2 Ra8 35. Rd2 a4 36. Kf2 axb3 37. axb3 Ra3 38. Rb2 Bd1 39. Ke3 Rxb3 40. Rd2 Bg4 41. Ra2 Ra3 0-1

[Event "Copa dos Campeoes op"]
[Site "Vitoria"]
[Date "1999.??.??"]
[Round "3"]
[White "Lopes, Marcelo Ferreira"]
[Black "Lacerda, Cesar Romeu"]
[Result "1/2-1/2"]
[WhiteElo "2000"]
[BlackElo "2080"]
[PlyCount "87"]
[EventDate "1999.??.??"]
[EventType "swiss"]
[EventRounds "7"]
[EventCountry "BRA"]
[SourceTitle "EXT 2000"]
[Source "ChessBase"]
[SourceDate "1999.11.16"]
[SourceVersion "1"]
[SourceVersionDate "1999.11.16"]
[SourceQuality "1"]

1. e4 e5 2. Nf3 Nc6 3. Bb5 a6 4. Ba4 Nf6 5. 0-0 Nxe4 6. Re1 Nc5 7. Bxc6 dxc6 8. Nxe5 Be7 9. d4 Ne6 10. c3 0-0 11. Nd2 c5 12. dxc5 Nxc5 13. Ndc4 Qxd1 14. Rxd1 Bf5 15. Bf4 Rfd8 16. Ne3 Be6 17. Nf3 Na4 18. Bxc7 Rdc8 19. Ba5 Nxb2 20. Rdb1 Ba3 21. Bb4 Bxb4 22. cxb4 Nc4 23. Nxc4 Rxc4 24. a4 Bf5 25. Rb2 Rac8 26. h3 b6 27. Kh2 a5 28. bxa5 bxa5 29. Rb5 R4c5 30. Nd4 Bd7 31. Rxc5 Rxc5 32. Nb3 Rc4 33. Nxa5 Rxa4 34. Rxa4 Bxa4 35. Nc4 Kf8 36. Kg3 Ke7 37. Kf4 Bc6 38. g4 h6 39. h4 f6 40. h5 Ba4 41. Ne3 Kf7 42. Kg3 Bb3 43. f4 Ba2 44. Kf3 1/2-1/2